<?xml version="1.0" encoding="UTF-8"?>
<record
    xmlns:xsi="http://www.w3.org/2001/XMLSchema-instance"
    xsi:schemaLocation="http://www.loc.gov/MARC21/slim http://www.loc.gov/standards/marcxml/schema/MARC21slim.xsd"
    xmlns="http://www.loc.gov/MARC21/slim">

  <leader>02330ngm a2200433 u 4500</leader>
  <controlfield tag="001">1340197</controlfield>
  <controlfield tag="005">20260508084219.0</controlfield>
  <controlfield tag="007">vd||v</controlfield>
  <controlfield tag="008">130815e20120815                    spa  </controlfield>
  <datafield tag="035" ind1=" " ind2=" ">
    <subfield code="a">1340197</subfield>
  </datafield>
  <datafield tag="040" ind1=" " ind2=" ">
    <subfield code="c">comduadb</subfield>
  </datafield>
  <datafield tag="041" ind1=" " ind2=" ">
    <subfield code="a">spa</subfield>
  </datafield>
  <datafield tag="080" ind1=" " ind2=" ">
    <subfield code="a">V</subfield>
  </datafield>
  <datafield tag="110" ind1="2" ind2="0">
    <subfield code="a">Universidad de Antioquia.</subfield>
    <subfield code="b">Rector&#xED;a</subfield>
    <subfield code="4">aut</subfield>
    <subfield code="e">aut</subfield>
    <subfield code="9">827087</subfield>
  </datafield>
  <datafield tag="245" ind1="1" ind2="3">
    <subfield code="a">La fuerza de los argumentos : oportunidad o crisis en el Sistema Nacional de Ciencia y Tecnolog&#xED;a (parte II)</subfield>
  </datafield>
  <datafield tag="260" ind1=" " ind2=" ">
    <subfield code="a">Medell&#xED;n :</subfield>
    <subfield code="b">Universidad de Antioquia Televisi&#xF3;n,</subfield>
    <subfield code="c">2012.</subfield>
  </datafield>
  <datafield tag="300" ind1=" " ind2=" ">
    <subfield code="a">1 DVD (54 minutos) : sonido, color.</subfield>
  </datafield>
  <datafield tag="490" ind1="0" ind2=" ">
    <subfield code="a">La Fuerza de los Argumentos ;</subfield>
    <subfield code="v">308</subfield>
  </datafield>
  <datafield tag="520" ind1="3" ind2=" ">
    <subfield code="a">RESUMEN : "La segunda parte del debate en relaci&#xF3;n al Sistema Nacional de Ciencia y Tecnolog&#xED;a controvierte de las necesidades cient&#xED;ficas del pa&#xED;s: falta de profesionales con estudios doctorales, las falencias del plan de desarrollo de ciencia y tecnolog&#xED;a colombiano, los mecanismos de financiaci&#xF3;n del Sistema, la soberan&#xED;a institucional de Colciencias, entre otros t&#xF3;picos que evidencian tambi&#xE9;n las propuestas para transformar el pa&#xED;s a trav&#xE9;s del conocimiento."</subfield>
  </datafield>
  <datafield tag="650" ind1=" " ind2=" ">
    <subfield code="a">Sistema Nacional de Ciencia y Tecnolog&#xED;a</subfield>
    <subfield code="9">71044</subfield>
  </datafield>
  <datafield tag="650" ind1=" " ind2="7">
    <subfield code="a">Ciencia y tecnolog&#xED;a</subfield>
    <subfield code="z">Colombia</subfield>
    <subfield code="2">lemb</subfield>
    <subfield code="9">48523</subfield>
  </datafield>
  <datafield tag="650" ind1=" " ind2="7">
    <subfield code="a">Desarrollo cient&#xED;fico y tecnol&#xF3;gico</subfield>
    <subfield code="z">Colombia</subfield>
    <subfield code="2">lemb</subfield>
    <subfield code="9">38873</subfield>
  </datafield>
  <datafield tag="650" ind1=" " ind2=" ">
    <subfield code="a">Investigaci&#xF3;n cient&#xED;fica - Colombia</subfield>
    <subfield code="9">172003</subfield>
  </datafield>
  <datafield tag="650" ind1=" " ind2=" ">
    <subfield code="a">Universidad e investigaci&#xF3;n</subfield>
    <subfield code="9">8482</subfield>
  </datafield>
  <datafield tag="650" ind1=" " ind2=" ">
    <subfield code="a">Pol&#xED;tica de ciencia y tecnolog&#xED;a - Colombia</subfield>
    <subfield code="9">13624</subfield>
  </datafield>
  <datafield tag="650" ind1=" " ind2=" ">
    <subfield code="a">CTS+I ( Ciencia, Tecnolog&#xED;a, Sociedad e Innovaci&#xF3;n )</subfield>
    <subfield code="9">145572</subfield>
  </datafield>
  <datafield tag="650" ind1=" " ind2=" ">
    <subfield code="a">Colciencias</subfield>
    <subfield code="9">37180</subfield>
  </datafield>
  <datafield tag="650" ind1=" " ind2=" ">
    <subfield code="a">Documental</subfield>
    <subfield code="9">33448</subfield>
  </datafield>
  <datafield tag="700" ind1="1" ind2="0">
    <subfield code="a">Dom&#xED;nguez G&#xF3;mez, Eduardo</subfield>
    <subfield code="4">nrt</subfield>
    <subfield code="0">(isni)0000000043189924</subfield>
    <subfield code="0">(viaf)24189253</subfield>
    <subfield code="e">nrt</subfield>
    <subfield code="9">252470</subfield>
  </datafield>
  <datafield tag="700" ind1="0" ind2="0">
    <subfield code="a">Canal U</subfield>
    <subfield code="4">pro</subfield>
    <subfield code="e">pro</subfield>
    <subfield code="9">588060</subfield>
  </datafield>
  <datafield tag="700" ind1="1" ind2="0">
    <subfield code="a">Miranda Miranda, Juan Francisco</subfield>
    <subfield code="4">ive</subfield>
    <subfield code="e">ive</subfield>
    <subfield code="9">444186</subfield>
  </datafield>
  <datafield tag="700" ind1="1" ind2="0">
    <subfield code="a">Mondrag&#xF3;n P&#xE9;rez, Fanor</subfield>
    <subfield code="4">ive</subfield>
    <subfield code="e">ive</subfield>
    <subfield code="9">240649</subfield>
  </datafield>
  <datafield tag="700" ind1="1" ind2="0">
    <subfield code="a">Amell Arrieta, Andr&#xE9;s Adolfo</subfield>
    <subfield code="4">ive</subfield>
    <subfield code="e">ive</subfield>
    <subfield code="9">544489</subfield>
  </datafield>
  <datafield tag="710" ind1="2" ind2="0">
    <subfield code="a">Universidad de Antioquia. Departamento de Servicios Audiovisuales</subfield>
    <subfield code="4">aut</subfield>
    <subfield code="e">aut</subfield>
    <subfield code="9">830268</subfield>
  </datafield>
  <datafield tag="710" ind1="1" ind2="0">
    <subfield code="a">Universidad de Antioquia.</subfield>
    <subfield code="b">Instituto de Filosof&#xED;a</subfield>
    <subfield code="4">aut</subfield>
    <subfield code="e">aut</subfield>
    <subfield code="9">825552</subfield>
  </datafield>
  <datafield tag="710" ind1="0" ind2="0">
    <subfield code="a">Universidad de Antioquia. Facultad de Comunicaciones</subfield>
    <subfield code="4">aut</subfield>
    <subfield code="e">aut</subfield>
  </datafield>
  <datafield tag="710" ind1="2" ind2="0">
    <subfield code="a">Telemedellin</subfield>
    <subfield code="4">pro</subfield>
    <subfield code="e">pro</subfield>
    <subfield code="9">827220</subfield>
  </datafield>
  <datafield tag="942" ind1=" " ind2=" ">
    <subfield code="c">BOOK</subfield>
  </datafield>
  <datafield tag="999" ind1=" " ind2=" ">
    <subfield code="c">654301</subfield>
    <subfield code="d">654301</subfield>
  </datafield>
  <datafield tag="952" ind1=" " ind2=" ">
    <subfield code="0">0</subfield>
    <subfield code="1">0</subfield>
    <subfield code="4">0</subfield>
    <subfield code="7">0</subfield>
    <subfield code="8">AUDIOBC</subfield>
    <subfield code="a">BC</subfield>
    <subfield code="b">BC</subfield>
    <subfield code="d">2013-08-15</subfield>
    <subfield code="e">Material adquirido por donaci&#xF3;n</subfield>
    <subfield code="i">C1184287</subfield>
    <subfield code="l">0</subfield>
    <subfield code="o">V-00697 DVD308</subfield>
    <subfield code="p">0981297</subfield>
    <subfield code="r">2023-05-02 00:00:00</subfield>
    <subfield code="t">1</subfield>
    <subfield code="w">2023-05-02</subfield>
    <subfield code="y">DIGITAL</subfield>
  </datafield>
</record>
